Nationalism in Ireland /

Bibliographic Details
Main Author: Boyce, David George, 1942-
Format: Book
Language:English
Published: Baltimore, Md. : Johns Hopkins University Press, 1982.
Subjects:

MARC

Tag First Indicator Second Indicator Subfields
LEADER 00000cam a22000008a 4500
001 in00000073081
005 20151008060033.0
008 810812s1982 mdub b 00110 eng
010 |a  81013731  
020 |a 0801827361 
035 |a (OCoLC)07732907 
035 |9 AAJ5020AM 
039 0 |a 2  |b 3  |c 3  |d 3  |e 3 
040 |a DLC  |c DLC  |d TXA  |d UtOrBLW 
043 |a e-ie---  |a e-uk-ni 
049 |a TXAM  |c [952085] 
050 0 0 |a DA950  |b .B68 
082 0 |a 320.5/4/09415  |2 19 
100 1 |a Boyce, David George,  |d 1942- 
245 1 0 |a Nationalism in Ireland /  |c D. George Boyce. 
263 |a 8110 
264 1 |a Baltimore, Md. :  |b Johns Hopkins University Press,  |c 1982. 
300 |a 441 pages :  |b maps ;  |c 23 cm. 
336 |a text  |b txt  |2 rdacontent 
337 |a unmediated  |b n  |2 rdamedia 
338 |a volume  |b nc  |2 rdacarrier 
500 |a Includes index. 
504 |a Bibliography: pages 396-429. 
650 0 |a Nationalism  |z Ireland. 
651 0 |a Ireland  |x Politics and government  |y 19th century. 
651 0 |a Ireland  |x Politics and government  |y 20th century. 
999 |a MARS 
999 f f |s 6a78dafa-c260-3d57-a4d9-ef1b1ea08f4e  |i 548d99b4-274f-3b68-8cdc-9507cf0e1f40  |t 0 
952 f f |p normal  |a Texas A&M University  |b College Station  |c Sterling C. Evans Library  |d Evans: Library Stacks  |t 0  |e DA950 .B68  |h Library of Congress classification  |i unmediated -- volume  |m A14806097036 
998 f f |a DA950 .B68  |t 0  |l Evans: Library Stacks